<?xml version="1.0" encoding="UTF-8"?>
<record
    xmlns:xsi="http://www.w3.org/2001/XMLSchema-instance"
    xsi:schemaLocation="http://www.loc.gov/MARC21/slim http://www.loc.gov/standards/marcxml/schema/MARC21slim.xsd"
    xmlns="http://www.loc.gov/MARC21/slim">

  <leader>01224nam a2200289 a 4500</leader>
  <datafield tag="999" ind1=" " ind2=" ">
    <subfield code="c">357961</subfield>
    <subfield code="d">357961</subfield>
  </datafield>
  <controlfield tag="001">000000371288</controlfield>
  <controlfield tag="003">IT-MiSPE</controlfield>
  <controlfield tag="005">20180802135907.0</controlfield>
  <controlfield tag="008">090603s2009    it            000 0 ita d</controlfield>
  <datafield tag="020" ind1=" " ind2=" ">
    <subfield code="a">9788837223274</subfield>
    <subfield code="c">18.00 EUR</subfield>
  </datafield>
  <datafield tag="040" ind1=" " ind2=" ">
    <subfield code="a">IT-MiSPE</subfield>
    <subfield code="b">ita</subfield>
    <subfield code="d">fcg</subfield>
    <subfield code="c">IT-MiSPE</subfield>
  </datafield>
  <datafield tag="082" ind1=" " ind2=" ">
    <subfield code="a">193-HEG ge le (23188)</subfield>
  </datafield>
  <datafield tag="100" ind1="1" ind2=" ">
    <subfield code="a">Hegel, Georg Wilhelm Friedrich,</subfield>
    <subfield code="d">1770-1831.</subfield>
    <subfield code="e">autore</subfield>
    <subfield code="9">57333</subfield>
  </datafield>
  <datafield tag="240" ind1="1" ind2="0">
    <subfield code="a">Vorlesungen &#xFC;ber die Beweise von Daseyn Gottes.</subfield>
    <subfield code="l">ita</subfield>
  </datafield>
  <datafield tag="245" ind1="1" ind2="0">
    <subfield code="a">Lezioni sulle prove dell'esistenza di Dio /</subfield>
    <subfield code="c">Georg Wilhelm Friedrich Hegel ; a cura di Adriano Tassi.</subfield>
  </datafield>
  <datafield tag="260" ind1=" " ind2=" ">
    <subfield code="a">Brescia :</subfield>
    <subfield code="b">Morcelliana,</subfield>
    <subfield code="c">2009.</subfield>
  </datafield>
  <datafield tag="300" ind1=" " ind2=" ">
    <subfield code="a">268 p. ;</subfield>
    <subfield code="c">19 cm</subfield>
  </datafield>
  <datafield tag="490" ind1="1" ind2=" ">
    <subfield code="a">Il pellicano rosso.</subfield>
    <subfield code="a">Nuova serie ;</subfield>
    <subfield code="v">087</subfield>
  </datafield>
  <datafield tag="500" ind1=" " ind2=" ">
    <subfield code="a">Tit. orig.: Vorlesungen &#xFC;ber die Beweise von Daseyn Gottes</subfield>
  </datafield>
  <datafield tag="504" ind1=" " ind2=" ">
    <subfield code="a">Bibliografia: p. 37</subfield>
  </datafield>
  <datafield tag="655" ind1=" " ind2="7">
    <subfield code="a">Filosofi di lingua tedesca. Generalit&#xE0; e filosofi fino al 1920</subfield>
    <subfield code="x">Filosofi 1801-1920: Hegel Georg Wilhelm Friedrich, 1770-1831. Opere.</subfield>
    <subfield code="2">local</subfield>
    <subfield code="9">57329</subfield>
  </datafield>
  <datafield tag="655" ind1=" " ind2="7">
    <subfield code="a">Filosofia. Teologia naturale</subfield>
    <subfield code="x">Dio: esistenza e prove.</subfield>
    <subfield code="2">local</subfield>
    <subfield code="9">57334</subfield>
  </datafield>
  <datafield tag="700" ind1="1" ind2=" ">
    <subfield code="a">Tassi, Adriano,</subfield>
    <subfield code="e">ed.</subfield>
    <subfield code="9">57335</subfield>
  </datafield>
  <datafield tag="830" ind1=" " ind2="3">
    <subfield code="a">Il pellicano rosso.</subfield>
    <subfield code="p">Nuova serie ;</subfield>
    <subfield code="v">087.</subfield>
    <subfield code="9">57336</subfield>
  </datafield>
  <datafield tag="942" ind1=" " ind2=" ">
    <subfield code="2">ddc</subfield>
    <subfield code="c">BK</subfield>
  </datafield>
  <datafield tag="952" ind1=" " ind2=" ">
    <subfield code="0">0</subfield>
    <subfield code="1">0</subfield>
    <subfield code="2">ddc</subfield>
    <subfield code="4">0</subfield>
    <subfield code="6">193HEG_GE_LE_23188</subfield>
    <subfield code="7">1</subfield>
    <subfield code="a">CINISELLO</subfield>
    <subfield code="b">CINISELLO</subfield>
    <subfield code="d">2018-08-02</subfield>
    <subfield code="l">0</subfield>
    <subfield code="o">193-HEG ge le (23188)</subfield>
    <subfield code="p">9788837223274</subfield>
    <subfield code="r">2018-08-02 00:00:00</subfield>
    <subfield code="w">2018-08-02</subfield>
    <subfield code="y">BK</subfield>
  </datafield>
</record>
